000 00310nam a22001337a 4500
008 170608b xxu||||| |||| 00| 0 eng d
020 _a13978100111832940
041 _aeng
080 _a327
100 _a18
101 _aSHP
245 _aAMERICAN GOVERNMENT POLITICS TODAY
_cBARDES.SC
942 _2udc
_cBK
999 _c16424
_d16424